LEADER 03616nam a22006257a 4500
001 45503
003 BD-DhAAL
005 20260504124648.0
008 260425t2024 bg ||||| b||| 00| 0 ben d
020 |a 9789849908876 
020 |a 9841807173101 
040 |a BD-DhAAL  |d BD-DhAAL 
041 0 |a ben 
082 0 0 |a 370.95492  |2 23 
245 0 0 |a বাঙালির শিক্ষাচিন্তা :  |b উচ্চশিক্ষা.  |n পঞ্চম খণ্ড /  |c প্রধান সম্পাদক, মাসুদুজ্জামান ; সম্পাদক, শোয়াইব জিবরান ; গ্রন্থমালা সম্পাদক, আবদুল্লাহ আবু সায়ীদ. 
246 3 3 |a Bangalir chintamulok rochona shongroho :  |b shikkha [ponchom khondo] 
246 3 3 |a A collection of Bengali thoughts :  |b literature [volume : 5] 
260 |a ঢাকা :  |b বিশ্বসাহিত্য কেন্দ্র,  |c ২০২৪. 
300 |a ১৫৯ পৃষ্ঠা ;  |c ২২ সে.মি. 
362 0 |a Vol. 5 
490 1 |a বাঙালির চিন্তামূলক রচনা সংগ্রহ ;  |v ১১৬ 
490 1 |a বিশ্বসাহিত্য কেন্দ্র প্রকাশনা ;  |v ৭১৭ 
500 |a প্রথম প্রকাশ. 
504 |a গ্রন্থপঞ্জিগত নির্দেশিকা অন্তর্ভুক্ত। 
526 8 |a AAL, RS 
541 1 |a Bishwo Shahitto Kendro  |e 45503, 45622 
650 0 |a Education  |z Bangladesh. 
650 0 |a Education  |z India  |z Bengal  |x History.  |9 60469 
650 0 |a Education  |z Bangladesh  |x History.  |9 2042 
650 0 |a Education and state  |z Bangladesh. 
650 0 |a Education  |x Aims and objectives  |z Bangladesh. 
650 0 |a Education, Preschool  |z Bangladesh.  |9 58178 
650 0 |a Education, Elementary  |z Bangladesh  |x History.  |9 26326 
650 0 |a Education, Secondary  |z Bangladesh. 
650 0 |a Teachers  |x Training of  |z Bangladesh.  |9 60470 
650 0 |a Teacher effectiveness  |z Bangladesh.  |9 60471 
650 0 |a Educational tests and measurements. 
650 0 |a Higher education and state  |z Bangladesh.  |9 21079 
650 0 |a Education, Higher  |z Bangladesh  |x History. 
650 0 |a Universities and colleges  |z Bangladesh. 
650 0 |a Private universities and colleges  |z Bangladesh.  |9 12731 
650 0 |a Women  |x Education. 
650 0 |a Islamic education  |z Bangladesh.  |9 54011 
650 0 |a Religious education.  |9 19036 
650 0 |a Science  |x Study and teaching  |z Bangladesh.  |9 56007 
650 0 |a Educational evaluation  |z Bangladesh.  |9 58143 
700 1 |a মাসুদুজ্জামান. 
700 1 |a জিবরান, শোয়াইব.  |9 60468 
700 1 |a সায়ীদ, আবদুল্লাহ আবু. 
830 0 |a বাঙালির চিন্তামূলক রচনা সংগ্রহ ;  |v ১১৬ 
830 0 |a বিশ্বসাহিত্য কেন্দ্র প্রকাশনা ;  |v ৭১৮ 
942 |2 ddc  |c BK 
999 |c 47794  |d 47794 
952 |0 0  |1 0  |2 ddc  |4 0  |6 370_954920000000000_BAN  |7 1  |9 78955  |a BRACUL  |b BRACUL  |c REF  |d 2026-04-19  |e Bishwo Shahitto Kendro  |g 200.00  |l 0  |o 370.95492 BAN  |p 3010045503  |r 2026-04-19  |t 1  |v 400.00  |w 2026-04-19  |y BK  |x Requisitioned by Ayesha Abed Library, BRAC University 
952 |0 0  |1 0  |2 ddc  |4 0  |6 370_954920000000000_BAN  |7 1  |9 78956  |a SCL  |b SCL  |c REF  |d 2026-04-19  |e Bishwo Shahitto Kendro  |g 200.00  |l 0  |o 370.95492 BAN  |p 3020045622  |r 2026-04-19  |t 2  |v 400.00  |w 2026-04-19  |y BK  |x Requisitioned by Ayesha Abed Library, BRAC University